[Event "Main Vogelsberg op 4th"]
[Site "Heusenstamm"]
[Date "2009.05.01"]
[Round "3"]
[White "Nell, Christian"]
[Black "Opasiak, Dustin Tennessee"]
[Result "0-1"]
[WhiteElo "852"]
[BlackElo "1722"]
[PlyCount "96"]
[EventDate "2009.04.30"]
[EventType "swiss"]
[EventRounds "7"]
[EventCountry "GER"]
[SourceTitle "CBM 130 Extra"]
[Source "ChessBase"]
[SourceDate "2009.07.02"]
[SourceVersion "2"]
[SourceVersionDate "2009.07.15"]
[SourceQuality "1"]

1. d4 d5 2. e3 Nc6 3. c4 Nf6 4. Nc3 Bg4 5. Nf3 e6 6. Be2 Be7 7. 0-0 0-0 8. b3 a6 9. Bb2 Rb8 10. Rc1 Qd7 11. cxd5 exd5 12. Ne5 Nxe5 13. dxe5 Bxe2 14. Qxe2 Ne8 15. Rfd1 c6 16. Na4 Nc7 17. e4 Qe6 18. exd5 Nxd5 19. Nc5 Bxc5 20. Rxc5 Rfd8 21. Rc4 Rd7 22. Rcd4 Rbd8 23. Qe4 c5 24. R4d3 Nb4 25. Rxd7 Rxd7 26. Ra1 Nxa2 27. g3 Qxb3 28. Rb1 Qd3 29. Qxd3 Rxd3 30. Kg2 Kf8 31. Kh3 g6 32. Kg4 Ke7 33. f4 Ke6 34. Kg5 h5 35. Rf1 Rd2 36. f5+ gxf5 37. Rxf5 Rxb2 38. h3 Rb3 39. g4 hxg4 40. Kxg4 Rb4+ 41. Kg5 Nc3 42. h4 Ne4+ 43. Kg4 Nd6+ 44. Kg5 Nxf5 45. h5 Kxe5 46. h6 Nxh6 47. Kh5 Kf6 48. Kxh6 Rh4# 0-1

[Event "Main Vogelsberg op 4th"]
[Site "Heusenstamm"]
[Date "2009.04.30"]
[Round "1"]
[White "Nell, Christian"]
[Black "Lanz, Udo"]
[Result "0-1"]
[WhiteElo "852"]
[BlackElo "1915"]
[PlyCount "64"]
[EventDate "2009.04.30"]
[EventType "swiss"]
[EventRounds "7"]
[EventCountry "GER"]
[SourceTitle "CBM 130 Extra"]
[Source "ChessBase"]
[SourceDate "2009.07.02"]
[SourceVersion "2"]
[SourceVersionDate "2009.07.15"]
[SourceQuality "1"]

1. d4 d5 2. e3 Bf5 3. c4 e6 4. Nc3 Nf6 5. Nf3 c6 6. cxd5 exd5 7. Bd3 Bg4 8. 0-0 Bd6 9. Re1 0-0 10. e4 dxe4 11. Nxe4 Nxe4 12. Bxe4 Nd7 13. Qd3 h6 14. g3 Kh8 15. b3 f5 16. Nh4 fxe4 17. Rxe4 Bf5 18. Nxf5 Rxf5 19. Bb2 Qf8 20. Rf1 Nf6 21. Re6 Rd5 22. f4 Qf7 23. Re3 Re8 24. Ref3 Bc7 25. h4 Bb6 26. g4 Nxg4 27. f5 Nf6 28. Rf4 Qd7 29. Kh1 c5 30. Rd1 Qc6 31. Kg1 cxd4 32. Bxd4 Red8 0-1

[Event "Karl Mala Memorial op 11th"]
[Site "Frankfurt"]
[Date "2008.06.26"]
[Round "1"]
[White "Nell, Christian"]
[Black "Foerster, Rudi"]
[Result "0-1"]
[WhiteElo "776"]
[BlackElo "1914"]
[PlyCount "70"]
[EventDate "2008.06.26"]
[EventType "swiss"]
[EventRounds "7"]
[EventCountry "GER"]
[SourceTitle "CBM 125 Extra"]
[Source "ChessBase"]
[SourceDate "2008.09.01"]
[SourceVersion "1"]
[SourceVersionDate "2008.09.01"]
[SourceQuality "1"]

1. e4 c5 2. Nf3 Nc6 3. Bb5 g6 4. 0-0 Bg7 5. d3 e6 6. Be3 Bxb2 7. Nbd2 Bxa1 8. Qxa1 Qf6 9. d4 Nge7 10. Nc4 0-0 11. Nd6 cxd4 12. Nxd4 e5 13. Bxc6 Qxd6 14. Rd1 dxc6 15. Nb5 Qf6 16. Rd6 Qg7 17. Nc7 f5 18. Nxa8 fxe4 19. Qc1 Nf5 20. h3 Nxd6 21. Bh6 Qf6 22. Bxf8 Kxf8 23. Qh6+ Kg8 24. Nc7 Qd8 25. Na8 Nf5 26. Qc1 Be6 27. Qb2 Qxa8 28. Qxe5 Bd5 29. g4 Nh4 30. Qf6 Nf3+ 31. Kf1 Qf8 32. Qb2 e3 33. Qxb7 Nh2+ 34. Ke2 Qxf2+ 35. Kd3 Qd2# 0-1